000 00508nam a22001697a 4500
003 NUST
038 _aNusrat Nadeem
082 _a200
100 _aHaider, Ammar
_9125972
245 _aFEASABILITY STUDY OF UREA FORMALDEHYDE PLANT/
_cAmmar Haider,
264 _aIslamabad;
_bNBS NUST;
_c2024.
300 _a52,p;
_bill;
_c30,cm.
650 _aExecutive MBA
_9120079
700 _aSupervisor: Dr. Muhammad Fawad
_9125976
856 _u http://10.250.8.41:8080/xmlui/handle/123456789/46547
942 _2ddc
_cSC
999 _c611678
_d611678